01199 2200349 4500001002100000005001500021035002000036007000300056008004100059336002100100337002300121338003800144100003000182245009800212300003100310082001700341084001900358264002800377500006900405538007600474650001600550850001200566852002000578856007600598040002200674020002200696700003300718700002700751440002700778990002200805990002200827INLIS00000000086282020210723125514 a0010-0721001055ta210712t2013 jkia cs 1 ind d 2rdacontentateks 2rdamediaakomputer 2rdacarrierasumber sambung jaring3 aSitanggang, Tutiepenulis10aMisteri pulau betuah /cTuti Sitanggang; penyunting, Pradikha Bestari; ilustrator, Indra Bayu a1 berkas komputer (6,3 MB)04223a899.2213 a899.2213 SIT m31aJakarta :bKiddo,c2013 aUntuk mengakses buku ini silakan unduh aplikasi http://ijogja.id aAndroid : versi 4.0 atau di atasnya, memori 1 GB, layar tampilan 4-inch 4aFiksi horor aYOPDYOG8 aaplikasi iJogja40nPerpustakaan Digital iJogjauhttp://ijogja.id /publications/books/14252 aYOPDYOGbinderda a978-979-91-0670-40 aPradikha Bestariepenyunting0 aIndra Bayueilustrator aSeri Misteri Favorit 1 a002079-EPD/B.2016 a002080-EPD/B.2016